000
00293nam a2200121Ia 4500
005
20251222143117.0
008
251222s9999||||xx |||||||||||||| ||spa||
082
_a
291.092/D96
100
_a
Dubois, Abate H.
245
0
_a
El Sacerdote Santo
264
_b
Apostolado de la Prensa
942
_c
LIB
999
_c
11385
_d
11385